1607 1654 1444 1776 1766 1525 1003 1213 1696 1171 1857 1258 1586 1554 1809 1537 1112 1064 1654 1197 1605 1082 1162 1018 1747 1885 1178 1400 1379 1614 1720 1604 1342 1389 1507 1416 1309 1721 1795 1331 1930 1146 1359 1872 1502 1927 1637 1054 1198 1976 1031 1818 1891 1814 1278 1227 1360 1316 1921 1457 1674 1644 1914 1290 1142 1817 1658 1515 1172 1234 1473 1659 1835 1552 1162 1176 1393 1146 1518 1418 1702 1835 1869 1909 1678 1492 1603 1985 1124 1192 1546 1122 1188 1245 1706 1368 1898 1768 1553 BCNSPRNW ULIB Ver.6.0+V

เปลี่ยนเป็นภาษาไทย

Change to English
 แสดงรายละเอียดบรรณานุกรม
  กลับหน้าหลัก

Brief Record : Get Marc (ISO 2709) : E-mail record : QR code < ปิดหน้าต่าง
LEADER : 00000nam 2200000uu 4500
001    13399113934
003     ULIB
008    110320s||||||||th 000 0 tha d
099    วจ.WC503.6^bพ692ค
100 0  พินทอง ปินใจ
245 00 คุณภาพชีวิตและจิตสังคมของผู้ดูแลเด็กติดเชื้อ HIV และเอดส์:กรณีศึกษาโรงพยาบาลพะเยา/^cพินทอง ปินใจ,พวงผกา พรหมเผ่า และ ชุติมา รักเหล่า
260    พะเยา :^bวิทยาลัยพยาบาลบรมราชชนนี พะเยา,^c2553
300    75 หน้า :^bตาราง
500    รายงานการวิจัย
650  7 โรคเอดส์ในเด็ก^xวิจัย
700 0  พวงผกา พรหมเผ่า
700 0  ชุติมา รักเหล่า
710 2  วิทยาลัยพยาบาลบรมราชชนนี. ^bพะเยา
945    ^p0^l0^i030965
995    ทศพร
999 ^a ใช้งานได้ทุกระบบ
รายการนี้ยังไม่มีแท็ก
คุณยังไม่ได้ล็อกอิน คุณสามารถมีกิจกรรมร่วมกับเว็บไซต์ได้ แต่ต้องล็อกอินก่อน ::
  ล็อกอิน

รายการสื่อสารสนเทศ

ลำดับที่ ประเภท เลขเรียก/บาร์โค้ด สถานที่ สถานะ
1. งานวิจัย
งานวิจัย
วจ.WC503.6 พ692ค ฉ.1 
  Barcode: 030965
ห้องสมุดวิทยาเขตสวรรค์ประชารักษ์
►วิจัย
บนชั้น

รายการใกล้เคียง
    ผู้แต่ง [พินทอง ปินใจ]

BibComment


ยังไม่เคยถูกคอมเมนท์

คอมเมนท์ทรัพยากรรายการนี้
  คอมเมนท์: คุณภาพชีวิตและจิต..


 Copyright 2026. Bcnsprnw @Library